South Eastern Kenya University

Library Online Public Access Catalogue


Physical chemistry / (Record no. 1476)

MARC details
000 -LEADER
fixed length control field 00650cam a2200229 a 4500
003 - CONTROL NUMBER IDENTIFIER
control field OSt
005 - DATE AND TIME OF LATEST TRANSACTION
control field 20160302195944.0
008 - FIXED-LENGTH DATA ELEMENTS--GENERAL INFORMATION
fixed length control field 150401b xxu||||| |||| 00| 0 eng d
020 ## - INTERNATIONAL STANDARD BOOK NUMBER
International Standard Book Number 9788126508778
040 ## - CATALOGING SOURCE
Original cataloging agency SEKU
050 00 - LIBRARY OF CONGRESS CALL NUMBER
Classification number QD 453.3
Item number .S5 2005
100 1# - MAIN ENTRY--PERSONAL NAME
Personal name Silbey, Robert J.
245 10 - TITLE STATEMENT
Title Physical chemistry /
Statement of responsibility, etc. Robert J. Silbey; Robert A. Alberty; Moungi G. Bawendi.
250 ## - EDITION STATEMENT
Edition statement 4th ed.
260 ## - PUBLICATION, DISTRIBUTION, ETC. (IMPRINT)
Place of publication, distribution, etc. New Delhi :
Name of publisher, distributor, etc. John Wiley & Sons,
Date of publication, distribution, etc. c2005.
300 ## - PHYSICAL DESCRIPTION
Extent 944 p. :
Other physical details ill.
650 ## - SUBJECT ADDED ENTRY--TOPICAL TERM
Topical term or geographic name as entry element Chemistry
650 ## - SUBJECT ADDED ENTRY--TOPICAL TERM
Topical term or geographic name as entry element Chemistry, physical and theoretical
700 1# - ADDED ENTRY--PERSONAL NAME
Personal name Alberty, Robert A.
700 1# - ADDED ENTRY--PERSONAL NAME
Personal name Bawendi, Moungi G.
942 ## - ADDED ENTRY ELEMENTS (KOHA)
Source of classification or shelving scheme Library of Congress Classification
Koha item type Shortloan
Holdings
Withdrawn status Lost status Source of classification or shelving scheme Damaged status Not for loan Home library Current library Shelving location Date acquired Cost, normal purchase price Total Checkouts Full call number Barcode Date last seen Date last checked out Cost, replacement price Price effective from Koha item type Public note
    Library of Congress Classification     Main Campus Library Main Campus Library Shortloan 21/08/2014 3500.00 23 QD453.3 .S5 2005 2017/019762 13/04/2017 13/04/2017 4000.00 21/08/2014 Shortloan Rono
    Library of Congress Classification     Main Campus Library Main Campus Library   05/07/2019   1 QD 453.3 .S5 2005 2017/019754 24/11/2022 24/11/2022   05/07/2019 General circulation  
Kitui, Kenya.
+254736116989
library@seku.ac.ke